Southville International School and Colleges
Your cart is empty.
  • Cart
  • Lists
    Public lists Eva Luna New books Lux_list list_1
    Your lists Log in to create your own lists
  • Log in to your account
  • Your cookies
  • Search history
Southville International School and Colleges
  • Advanced search
  • Recent comments
  • Most popular
  • Libraries

Log in to your account

Log in with GOOGLE


If you do not have an external account, but do have a local account, you can still log in:

  1. Home
  2. MARC view: The tragedy of Hamlet, prince of Denmark /
Normal view MARC view ISBD view

The tragedy of Hamlet, prince of Denmark / (Record no. 15758)

[ view plain ]
MARC details
000 -LEADER
fixed length control field 01397cam a2200409 a 4500
001 - CONTROL NUMBER
control field 640464
003 - CONTROL NUMBER IDENTIFIER
control field OSt
005 - DATE AND TIME OF LATEST TRANSACTION
control field 20140310182752.0
008 - FIXED-LENGTH DATA ELEMENTS--GENERAL INFORMATION
fixed length control field 930327s1992 nyua b 000 0 eng
010 ## - LIBRARY OF CONGRESS CONTROL NUMBER
LC control number 93132088
020 ## - INTERNATIONAL STANDARD BOOK NUMBER
International Standard Book Number 067172262X
Terms of availability $3.99 ($4.99 Can.)
040 ## - CATALOGING SOURCE
Original cataloging agency DLC
Transcribing agency DLC
Modifying agency DLC
043 ## - GEOGRAPHIC AREA CODE
Geographic area code e-dk---
050 00 - LIBRARY OF CONGRESS CALL NUMBER
Classification number PR 2807
Item number .Sh527 1992
082 00 - DEWEY DECIMAL CLASSIFICATION NUMBER
Classification number M 822.33S7
Item number Sh1 1992
100 1# - MAIN ENTRY--PERSONAL NAME
Personal name Shakespeare, William,
Dates associated with a name 1564-1616.
9 (RLIN) 17726
245 14 - TITLE STATEMENT
Title The tragedy of Hamlet, prince of Denmark /
Statement of responsibility, etc Shakespeare, William
260 ## - PUBLICATION, DISTRIBUTION, ETC. (IMPRINT)
Place of publication, distribution, etc New York :
Name of publisher, distributor, etc Washington Square Press
Date of publication, distribution, etc c1992.
300 ## - PHYSICAL DESCRIPTION
Extent liii, 342 p.
Other physical details ill. ;
Dimensions 18 cm.
440 #4 - SERIES STATEMENT/ADDED ENTRY--TITLE
Title The New Folger Library Shakespeare
9 (RLIN) 11134
504 ## - BIBLIOGRAPHY, ETC. NOTE
Bibliography, etc Includes bibliographical references.
521 ## - TARGET AUDIENCE NOTE
Target audience note
526 ## - STUDY PROGRAM INFORMATION NOTE
Reading level 1210L-1700L
541 ## - IMMEDIATE SOURCE OF ACQUISITION NOTE
-- 1
562 ## - COPY AND VERSION IDENTIFICATION NOTE
Number of copies 1
650 #0 - SUBJECT ADDED ENTRY--TOPICAL TERM
Topical term or geographic name as entry element Hamlet (Legendary character)
Form subdivision Drama.
9 (RLIN) 17727
650 #0 - SUBJECT ADDED ENTRY--TOPICAL TERM
Topical term or geographic name as entry element Kings and rulers
General subdivision Succession
Form subdivision Drama.
9 (RLIN) 17728
650 #0 - SUBJECT ADDED ENTRY--TOPICAL TERM
Topical term or geographic name as entry element Murder victims' families
Form subdivision Drama.
9 (RLIN) 17729
650 #0 - SUBJECT ADDED ENTRY--TOPICAL TERM
Topical term or geographic name as entry element Fathers
General subdivision Death
Form subdivision Drama.
9 (RLIN) 17730
650 #0 - SUBJECT ADDED ENTRY--TOPICAL TERM
Topical term or geographic name as entry element Revenge
Form subdivision Drama.
9 (RLIN) 17731
650 #0 - SUBJECT ADDED ENTRY--TOPICAL TERM
Topical term or geographic name as entry element Princes
Form subdivision Drama.
9 (RLIN) 17732
651 #0 - SUBJECT ADDED ENTRY--GEOGRAPHIC NAME
Geographic name Denmark
Form subdivision Drama.
9 (RLIN) 17733
655 #7 - INDEX TERM--GENRE/FORM
Genre/form data or focus term Tragedies.
Source of term gsafd
9 (RLIN) 7803
906 ## - LOCAL DATA ELEMENT F, LDF (RLIN)
a 7
b cbc
c orignew
d 3
e ncip
f 19
g y-gencatlg
942 ## - ADDED ENTRY ELEMENTS (KOHA)
Source of classification or shelving scheme Library of Congress Classification
Koha item type Books
Call number prefix
Holdings
Withdrawn status Lost status Source of classification or shelving scheme Damaged status Home library Current library Shelving location Date acquired Total Checkouts Total Renewals Full call number Barcode Date last seen Date checked out Copy number Price effective from Koha item type
    Library of Congress Classification   College Library College Library General Circulation Section 01/09/2013 1 10 PR 2807 .Sh527 1992 c1020 09/26/2023 01/05/2016 1 11/14/2013 Books

The tragedy of Hamlet, prince of Denmark /

APA

Shakespeare W., . (1992). The tragedy of Hamlet, prince of Denmark. New York: Washington Square Press.

Chicago

Shakespeare William, . 1992. The tragedy of Hamlet, prince of Denmark. New York: Washington Square Press.

Harvard

Shakespeare W., . (1992). The tragedy of Hamlet, prince of Denmark. New York: Washington Square Press.

MLA

Shakespeare William, . The tragedy of Hamlet, prince of Denmark. New York: Washington Square Press. 1992.

  • Place hold
  • Print
  • Cite
  • Add to your cart (remove)
  • Save record
    BIBTEX Dublin Core MARCXML MARC (non-Unicode/MARC-8) MARC (Unicode/UTF-8) MARC (Unicode/UTF-8, Standard) MODS (XML) RIS
  • More searches
    Search for this title in:
    Other Libraries (WorldCat) Other Databases (Google Scholar) Online Stores (Bookfinder.com) Open Library (openlibrary.org)

Exporting to Dublin Core...

SOUTHVILLE LIBRARY

Southville International School and Colleges Library

1281 Tropical Ave. Cor. Luxembourg St., BF Homes International, Las Pinas City

Tel. No. 8256374 / 252358 Loc. 117/146

Powered by Koha